00630nam a2200193Ia 4500008004100000020001800041082001700059100001800076245006900094250000700163260004200170300002300212500001900235600001500254650001500269942000700284952012800291999001700419240925s9999 xx 000 0 und d a9781118504246 a658.4063 KEE aKeeley, Larry 0aTen Type of Innovation: the discipline of building breakthroughs aNA aNew Delhi:bJohn Wiley & Sonsc,2013. a588p.b0fOriginal aIncludes Index aManagement aManagement cBK 001040708MANaUITUbUITUd2019-01-29eBook Stationg650.00l0o658.4063 KEEpQ14180r2024-09-25 07:17:12w2024-09-25yBK c16679d16679